UBT Library

OFFICE 2003 (Record no. 23066)

000 -LEADER
fixed length control field 00281nam a22001337a 4500
008 - FIXED-LENGTH DATA ELEMENTS--GENERAL INFORMATION
fixed length control field 170810b xxu||||| |||| 00| 0 eng d
020 ## - INTERNATIONAL STANDARD BOOK NUMBER
International Standard Book Number 9780619200268
041 ## - LANGUAGE CODE
Language code of text/sound track or separate title eng
080 ## - UNIVERSAL DECIMAL CLASSIFICATION NUMBER
Universal Decimal Classification number 004
100 ## - Rafti
Rafti 35
101 ## - Shkurtesa
Shkurtesa SHK
245 ## - TITLE STATEMENT
Title OFFICE 2003
Statement of responsibility, etc SHELLY,G.B
942 ## - ADDED ENTRY ELEMENTS (KOHA)
Source of classification or shelving scheme
Item type Books
Holdings
Withdrawn status Lost status Source of classification or shelving scheme Damaged status Not for loan Collection code Permanent location Current location Shelving location Date acquired Total Checkouts Full call number Barcode Date last seen Price effective from Koha item type
          Koleksioni i përgjithshem UBT - Lipjan UBT - Lipjan Koleksioni i përgjithshem 08/10/2017   004 SHE 002-2912170 08/10/2017 08/10/2017 Books
          Koleksioni i përgjithshem UBT - Lipjan UBT - Lipjan Koleksioni i përgjithshem 08/10/2017   004 SHE 002-2912175 08/10/2017 08/10/2017 Books
          Koleksioni i përgjithshem UBT - Lipjan UBT - Lipjan Koleksioni i përgjithshem 08/10/2017   004 SHE 002-2912180 08/10/2017 08/10/2017 Books
UBT Library © 2015-2024. All rights reserved University Education for Business and Technology